| 000 | 01108pam a2200313 a 4500 | ||
|---|---|---|---|
| 001 | 015965222 | ||
| 003 | OSt | ||
| 005 | 20141103134017.0 | ||
| 008 | 111025t2012 xxua frb 001 0 eng d | ||
| 020 | _a9781118026410 (pbk.) | ||
| 020 | _a1118026411 (pbk.) | ||
| 040 |
_aStDuBDS _beng _cStDuBDS _dUk _dEG-ScBUE |
||
| 082 | 0 | 0 |
_a620.106 _222 _bFOX |
| 100 | 1 |
_aFox, Robert W., _d1934- _936423 |
|
| 245 | 1 | 0 |
_aFluid mechanics / _cRobert W. Fox, Alan T. McDonald, Philip J. Pritchard with special contributions from John C. Leylegian. |
| 250 |
_a8th ed., _bSI version. |
||
| 260 |
_aHoboken, United States : _bJohn Wiley & Sons, _cc.2012. |
||
| 300 |
_axviii, 873 p. : _bill. ; _c28 cm. |
||
| 500 | _aIncludes appendixes. | ||
| 500 | _aIndex : p. 865-873. | ||
| 504 | _aIncludes bibliographical references. | ||
| 650 | 0 |
_aFluid mechanics _vTextbooks. _936424 |
|
| 653 |
_bENGCHE _bENGMEC _cNovember2014 |
||
| 655 |
_vreading book _934232 |
||
| 700 | 1 |
_aMcDonald, Alan T. _936425 |
|
| 700 | 1 |
_aPritchard, Philip J. _936426 |
|
| 700 | 1 |
_aLeylegian, John Carl. _econtributor. _936427 |
|
| 942 |
_2ddc _k620.106 FOX |
||
| 999 |
_c18540 _d18512 |
||